| 000 | 01633nam a2200313 i 4500 | ||
|---|---|---|---|
| 003 | DO-SdBNP | ||
| 005 | 20231017150846.0 | ||
| 006 | a||||gr|||| 00| 0 | ||
| 007 | ta | ||
| 008 | 210716e2016 dr ad||grl||| 001 0 spa d | ||
| 040 |
_aDO-SdBNP _bspa _cBNPHU _erda |
||
| 082 | 4 |
_bR426n _a22 |
|
| 110 | 1 |
_aRepública Dominicana. Oficina Presidencial de Tecnología de la Información y Comunicaciones. _937585 _eautor |
|
| 245 | 1 | 0 |
_aNORTIC B1 2016: _bnormas para la implementación y gestión de la conectividad en el Estado Dominicano. / |
| 264 | 1 |
_aSanto Domingo : _bOPTIC, _c2016 |
|
| 300 |
_a118 páginas : _bIlustraciones., gráficas. ; _c23 cm. |
||
| 336 |
_2rdacontent _atexto _btxt |
||
| 337 |
_2rdamedia _asin mediación _bn |
||
| 338 |
_2rdacarrier _avolumen _bnc |
||
| 490 | _aCategoría: A | ||
| 490 |
_aDocumento ; _v1 |
||
| 500 | _aIncluye bibliografía y notas al pié de páginas. | ||
| 500 | _aIncluye glosario de términos, páginas 85- 101. | ||
| 504 | _aBibliografía: páginas 109- 112 | ||
| 505 |
_aPrólogo. _tMarco Legal. _tIntroducción. _tCapítulo I. _tNormas para la Implementación y Gestión de la Conectividad en el Estado Dominicano.-- _tCapítulo II. _tPlanificación de la Red de Datos.-- _tCapítulo III. _tDiseño de la Red de Datos.-- _tCapítulo IV. _tImplementación y Configuración de la Infraestructura TIC.-- _tCapítulo V. _tGastión y Monitoreo de la Infraestructura TIC _tGlosario de términos. _tAbreviaturas y Acrósticos. _tAnexos. _tEquipo de Trabajo. |
||
| 590 | _aInventario 2021 / MF | ||
| 651 | 4 |
_93038 _aRepública Dominicana _xReglametos y Normas de la Conectividad _y2016 |
|
| 942 |
_2ddc _cLBS1 |
||
| 999 |
_c50136 _d50136 |
||